|
|
|
|
| LEADER |
03017nam a2200553 4500 |
| 001 |
978-3-030-02373-7 |
| 003 |
DE-He213 |
| 005 |
20191026132425.0 |
| 007 |
cr nn 008mamaa |
| 008 |
181210s2019 gw | s |||| 0|eng d |
| 020 |
|
|
|a 9783030023737
|9 978-3-030-02373-7
|
| 024 |
7 |
|
|a 10.1007/978-3-030-02373-7
|2 doi
|
| 040 |
|
|
|d GrThAP
|
| 050 |
|
4 |
|a QE351-399.2
|
| 072 |
|
7 |
|a PNV
|2 bicssc
|
| 072 |
|
7 |
|a SCI048000
|2 bisacsh
|
| 072 |
|
7 |
|a PNV
|2 thema
|
| 082 |
0 |
4 |
|a 549
|2 23
|
| 100 |
1 |
|
|a Kloprogge, Jacob (Theo).
|e author.
|4 aut
|4 http://id.loc.gov/vocabulary/relators/aut
|
| 245 |
1 |
0 |
|a Spectroscopic Methods in the Study of Kaolin Minerals and Their Modifications
|h [electronic resource] /
|c by Jacob (Theo) Kloprogge.
|
| 250 |
|
|
|a 1st ed. 2019.
|
| 264 |
|
1 |
|a Cham :
|b Springer International Publishing :
|b Imprint: Springer,
|c 2019.
|
| 300 |
|
|
|a XIII, 428 p. 236 illus.
|b online resource.
|
| 336 |
|
|
|a text
|b txt
|2 rdacontent
|
| 337 |
|
|
|a computer
|b c
|2 rdamedia
|
| 338 |
|
|
|a online resource
|b cr
|2 rdacarrier
|
| 347 |
|
|
|a text file
|b PDF
|2 rda
|
| 490 |
1 |
|
|a Springer Mineralogy,
|x 2366-1585
|
| 505 |
0 |
|
|a Introduction -- Crystallography of the Kaolin Group Minerals -- Introduction to the Spectroscopic Methods -- The Kaolin Minerals -- Intercalated Kaolins -- Kaolin Nanocomposites -- Other Kaolin -- Modifications -- Adsorption On Kaolins.
|
| 520 |
|
|
|a This book systematically provides an overview of the use of a wide range of spectroscopic methods (Mid- and Near-Infrared, Infrared Emission, Raman, Solid-State Magic Angle Spinning Nuclear Magnetic Resonance, X-ray Photoelectron, Extended X-ray Absorption Fine Structure, X-ray Absorption Near Edge, Electron Spin and Mössbauer spectroscopy) to investigate kaolin minerals (kaolinite, dickite, nacrite and halloysite) and their modifications (intercalation compounds, nanocomposites and other modifications).
|
| 650 |
|
0 |
|a Mineralogy.
|
| 650 |
|
0 |
|a Spectroscopy.
|
| 650 |
|
0 |
|a Materials science.
|
| 650 |
|
0 |
|a Microscopy.
|
| 650 |
|
0 |
|a Atoms.
|
| 650 |
|
0 |
|a Physics.
|
| 650 |
1 |
4 |
|a Mineralogy.
|0 http://scigraph.springernature.com/things/product-market-codes/G38000
|
| 650 |
2 |
4 |
|a Spectroscopy/Spectrometry.
|0 http://scigraph.springernature.com/things/product-market-codes/C11020
|
| 650 |
2 |
4 |
|a Characterization and Evaluation of Materials.
|0 http://scigraph.springernature.com/things/product-market-codes/Z17000
|
| 650 |
2 |
4 |
|a Spectroscopy and Microscopy.
|0 http://scigraph.springernature.com/things/product-market-codes/P31090
|
| 650 |
2 |
4 |
|a Atomic, Molecular, Optical and Plasma Physics.
|0 http://scigraph.springernature.com/things/product-market-codes/P24009
|
| 710 |
2 |
|
|a SpringerLink (Online service)
|
| 773 |
0 |
|
|t Springer eBooks
|
| 776 |
0 |
8 |
|i Printed edition:
|z 9783030023713
|
| 776 |
0 |
8 |
|i Printed edition:
|z 9783030023720
|
| 830 |
|
0 |
|a Springer Mineralogy,
|x 2366-1585
|
| 856 |
4 |
0 |
|u https://doi.org/10.1007/978-3-030-02373-7
|z Full Text via HEAL-Link
|
| 912 |
|
|
|a ZDB-2-EES
|
| 950 |
|
|
|a Earth and Environmental Science (Springer-11646)
|